|
|
|
|
| LEADER |
03370nam a22003973i 4500 |
| 001 |
EBC6955703 |
| 003 |
MiAaPQ |
| 005 |
20231204023222.0 |
| 006 |
m o d | |
| 007 |
cr cnu|||||||| |
| 008 |
231204s2015 xx o ||||0 ger d |
| 020 |
|
|
|a 9783839405826
|q (electronic bk.)
|
| 020 |
|
|
|z 9783899425826
|
| 035 |
|
|
|a (MiAaPQ)EBC6955703
|
| 035 |
|
|
|a (Au-PeEL)EBL6955703
|
| 035 |
|
|
|a (OCoLC)1049913547
|
| 040 |
|
|
|a MiAaPQ
|b eng
|e rda
|e pn
|c MiAaPQ
|d MiAaPQ
|
| 100 |
1 |
|
|a Kittlausz, Viktor.
|
| 245 |
1 |
0 |
|a Kunst - Museum - Kontexte :
|b Perspektiven der Kunst- und Kulturvermittlung.
|
| 250 |
|
|
|a 1st ed.
|
| 264 |
|
1 |
|a Bielefeld :
|b transcript,
|c 2015.
|
| 264 |
|
4 |
|c ©2015.
|
| 300 |
|
|
|a 1 online resource (309 pages)
|
| 336 |
|
|
|a text
|b txt
|2 rdacontent
|
| 337 |
|
|
|a computer
|b c
|2 rdamedia
|
| 338 |
|
|
|a online resource
|b cr
|2 rdacarrier
|
| 490 |
1 |
|
|a Schriften zum Kultur- und Museumsmanagement
|
| 505 |
0 |
|
|a Cover Kunst - Museum - Kontexte Perspektiven der Kunst- und Kulturvermittlung -- Inhalt -- Vorwort -- Einleitung -- I. Museen -- Betrachtungen über das Museum im Allgemeinen und über das Museum der Unerhörten Dinge im Besonderen -- Museum Macht Geschlecht -- Rahmenhandlungen. Zuhause gelernt. Anordnungen von Bild, Raum und Betrachter -- Rethinking the Museum. Architecture's Lost Case -- Das anschauliche Kunstwerk: Zur gemischten Präsentation von Kunst und Geschichte im neuen Rijksmuseum Amsterdam -- Stadt als Ort kultureller Produktion -- Kino / Museum. Film als Sammlungsobjekt oder Film als Verbindung von Archiv und Leben -- ‚Der anthropologische Blick'. Die künstlerische Reflexion der Wissenschaft oder der Künstler als ‚Kulturforscher' -- Das Museum ein Experimentalsystem? Überlegungen zu einem Ausstellungsprojekt Naturwissenschaft im Visier der Kunst -- Was unterscheidet das Museum vom Bahnhof, wo die Menschen kommen und gehen? -- II. Kontexte -- Künstlerische Kunstvermittlung: Die Gruppe Kunstcoop© im Zwischenraum von Pragmatismus und Dekonstruktion -- Some Models for Gallery Education in the UK -- Räumungsverkauf auf 80 m² -- Reflexion zwischen Stühlen über den Umgang mit Bildern und Zuschreibungen in dem Projekt HALLE G - Gedenk - Zeichen -- QUARTIER - Art & -- Ort -- Kunst- und Kulturvermittlung - Berufsfeld im Wandel. Ein Bericht zur Entwicklung in Österreich -- Professionalisierung der Kulturvermittlung: Kulturprofiler und Kunstkommissare -- Wo bleibt die Kunst? Herausforderungen an Kunst- und Kulturvermittlung angesichts eines sich wandelnden Kulturverständnisses -- Kultur / Vermittlung / Kunst - Unbestimmte Verhältnisse: Zur gesellschaftlichen Relevanz von Kunst- und Kulturvermittlung -- Autorinnen und Autoren.
|
| 588 |
|
|
|a Description based on publisher supplied metadata and other sources.
|
| 590 |
|
|
|a Electronic reproduction. Ann Arbor, Michigan : ProQuest Ebook Central, 2023. Available via World Wide Web. Access may be limited to ProQuest Ebook Central affiliated libraries.
|
| 655 |
|
4 |
|a Electronic books.
|
| 700 |
1 |
|
|a Pauleit, Winfried.
|
| 776 |
0 |
8 |
|i Print version:
|a Kittlausz, Viktor
|t Kunst - Museum - Kontexte
|d Bielefeld : transcript,c2015
|z 9783899425826
|
| 797 |
2 |
|
|a ProQuest (Firm)
|
| 830 |
|
0 |
|a Schriften zum Kultur- und Museumsmanagement
|
| 856 |
4 |
0 |
|u https://ebookcentral.proquest.com/lib/matrademy/detail.action?docID=6955703
|z Click to View
|